000 00644nam a22001937a 4500
005 20240905113806.0
010 _aENG-118819 ENG-141656
020 _a9788178244983
_c595.00
035 _aEN-102351
035 _aEN-125188
037 _bDBAD
082 _a907.202
100 _aChakrabarty, Dipesh
_971096
245 _aThe Calling of History:
_bSir Jadunath Sarkar and his Empire of Truth/
_cBy Dipesh Chakrabarty
260 _aRanikhet
_bPermanent Black
_c2017
270 _a'Himalyana' , Mall Road, Ranikhet Cantt
_bRanikhet
_e263645
_mperblack@gmail.com
300 _a304p
_c22cm.(pb)
942 _2ddc
_cEN
_h907.202
_mCHA
999 _c141589
_d141589